Density estimation for statistics and data analysis /

Guardado en:
Autor Principal: Silverman, B. W., 1952-
Formato: Libro
Idioma:English
Publicado: London : Chapman & Hall, 1986.
Series:Monographs on statistics and applied probability ; 26
Materias:
Acceso en línea:Publisher description
Etiquetas: Agregar Etiqueta
Sin Etiquetas, Sea el primero en etiquetar este registro!
LEADER 00842cam a2200229 a 4500
001 MAT.inmabb004911
008 850826s1986####enka#####b####001#0#eng##
005 20130410175813.0
245 1 0 |a Density estimation for statistics and data analysis /  |c B. W. Silverman. 
260 |a London :  |b Chapman & Hall,  |c 1986. 
300 |a ix, 175 p. :  |b il. ;  |c 23 cm. 
440 0 |a Monographs on statistics and applied probability ;  |v 26 
504 |a Incluye referencias bibliográficas (p. 159-165) e índices. 
510 4 |a MR,  |c 87k:62074 
020 |a 0412246201 
100 1 |a Silverman, B. W.,  |d 1952- 
650 0 |a Estimation theory. 
084 |a 62G05  |2 msc2000 
010 |a  85021347  
040 |a DLC  |c DLC  |d DLC 
856 4 2 |3 Publisher description  |u http://www.loc.gov/catdir/enhancements/fy0738/85021347-d.html 
859 |h 62  |i Si587  |p A-6655  |b BIB. MATEMATICA